Statistics for Countries Similar to France by Category

Click here to take the quiz!

General Stats

  • This quiz has been taken 127 times
  • The average score is 12 of 24

Answer Stats

Category Value Country % Correct
Population66.0mUnited Kingdom
97%
Total GDP in $ (PPP)2.91TUnited Kingdom
97%
Population60.4mItaly
90%
Maximum Elevation4810 mItaly
90%
Life Expectancy82.2Canada
77%
Total GDP in $ (PPP)2.46TMexico
69%
Life Expectancy82.4Sweden
67%
Life Expectancy82.3South Korea
65%
Active Military Troops204kUkraine
57%
Total GDP in $ (PPP)3.24TBrazil
56%
Population57.7mSouth Africa
55%
Population69.1mThailand
54%
Maximum Elevation4884 mIndonesia
53%
Total GDP in $ (PPP)3.24TIndonesia
53%
Active Military Troops196kMorocco
36%
Maximum Elevation4978 mVenezuela
35%
Active Military Troops215kTaiwan
35%
Life Expectancy82.5Israel
34%
Total Area (km²)623kCentral African Rep.
23%
Total Area (km²)638kSomalia
20%
Total Area (km²)652kAfghanistan
19%
Total Area (km²)644kSouth Sudan
17%
Maximum Elevation4643 mUzbekistan
15%
Active Military Troops202kEritrea
6%

Score Distribution

Percentile by Number Answered

Percent of People with Each Score

Your Score History

You have not taken this quiz